000 00283nam a2200097Ia 4500
008 230915s9999 xx 000 0 und d
050 _aLB 2831.58 .W43 2003
100 _aWEBB, L.DEAN
245 0 _aHUMAN RESOURCES ADMINISTRATION: PERSONNEL ISSUES AND NEEDS IN EDUCATION
942 _cBK
999 _c169761
_d169761